000 00897cam a2200289 a 4500
001 000004748
005 20200929151509.0
008 870202s1974 sp 000 f spa
020 _a8402005241
040 _aDO-SdBNP
_bspa
_cBNPHU
082 _a843.74
_bS944m, 1974
100 1 _aSue, Eugène,
_d1804-1857.
_913800
240 1 0 _aMystéres de Paris.
_lEspañol
245 1 4 _aLos misterios de París /
_cEugène Sue.
250 _a2a ed.
260 _aBarcelona :
_bBruguera,
_c1974.
300 _a895 p. ;
_c22 cm.
490 1 _aLibro amigo
_v69
534 _pTítulo original:
_tLes mystéres de Paris
650 4 _aNovela francesa
_91075
650 4 _aNovela amorosa
_913334
651 4 _aParís (Francia{Rpara}
_xVida Social Y Costumbres
_vNOVELA
_913801
650 4 _aLiteratura francesa
_91074
830 0 _aLibro amigo ;
_v69
_913799
910 _aCatalogación derivada
910 _aWM
999 _c4554
_d4554